[Event "Venice Autumn op-A 10th"]
[Site "Venice"]
[Date "2004.10.30"]
[Round "2"]
[White "Faccia, Sergio"]
[Black "Fantini, Lorenzo"]
[Result "1-0"]
[WhiteElo "2005"]
[BlackElo "2117"]
[PlyCount "66"]
[EventDate "2004.10.29"]
[EventType "swiss"]
[EventRounds "6"]
[EventCountry "ITA"]
[SourceTitle "EXT 2005"]
[Source "ChessBase"]
[SourceDate "2004.11.15"]
[SourceVersion "1"]
[SourceVersionDate "2004.11.15"]
[SourceQuality "1"]

1. e4 e5 2. d4 exd4 3. Bc4 Nc6 4. Nf3 Nf6 5. 0-0 d5 6. exd5 Nxd5 7. Re1+ Be7 8. Bg5 Nb6 9. Bb3 0-0 10. Bxe7 Nxe7 11. Qxd4 Qxd4 12. Nxd4 Ng6 13. Nd2 Bd7 14. a4 Rae8 15. Nb5 a6 16. Nxc7 Rxe1+ 17. Rxe1 Bxa4 18. Bxa4 Nxa4 19. b3 Rc8 20. Nd5 Nc3 21. Nb6 Rd8 22. Ndc4 Nf4 23. g3 Nfe2+ 24. Kf1 Nd4 25. Re3 Ncb5 26. Re7 Nxc2 27. Rxb7 Nb4 28. Ne5 f6 29. Ned7 Nd4 30. Nc5 a5 31. Nc4 Nbc6 32. Rc7 Rd5 33. Ne4 Rb5 1-0

[Event "Treviso op-B 27th"]
[Site "Treviso"]
[Date "2003.12.07"]
[Round "3.14"]
[White "Fantini, Lorenzo"]
[Black "Zannol, Roberto"]
[Result "1-0"]
[WhiteElo "1582"]
[BlackElo "1600"]
[PlyCount "61"]
[EventDate "2003.12.06"]
[EventType "swiss"]
[EventRounds "5"]
[EventCountry "ITA"]
[SourceTitle "EXT 2024"]
[Source "ChessBase"]
[SourceDate "2023.10.10"]
[SourceVersion "1"]
[SourceVersionDate "2023.10.10"]
[SourceQuality "1"]

1. e4 c6 2. d4 d5 3. Nc3 dxe4 4. Nxe4 Nd7 5. Nf3 Ngf6 6. Ng3 e6 7. Bg5 c5 8. dxc5 Bxc5 9. Bb5 Qa5+ 10. c3 Qxb5 11. b4 Be7 12. a4 Qc6 13. Rc1 0-0 14. 0-0 Rd8 15. Nd4 Qd5 16. Be3 e5 17. c4 Qd6 18. Ngf5 Qxb4 19. Nc2 Nb6 20. Nh6+ Kf8 21. Qxd8+ Bxd8 22. Nxb4 gxh6 23. Bxh6+ Ke7 24. Rfe1 Bc7 25. Bg5 Bf5 26. a5 Nbd7 27. Nd5+ Kd6 28. Nxf6 Nxf6 29. Bxf6 Ke6 30. Bxe5 Bxa5 31. Bc3+ 1-0

[Event "Treviso op-B 27th"]
[Site "Treviso"]
[Date "2003.12.06"]
[Round "1.13"]
[White "Pavon, Michele"]
[Black "Fantini, Lorenzo"]
[Result "1-0"]
[WhiteElo "1606"]
[BlackElo "1582"]
[PlyCount "65"]
[EventDate "2003.12.06"]
[EventType "swiss"]
[EventRounds "5"]
[EventCountry "ITA"]
[SourceTitle "EXT 2024"]
[Source "ChessBase"]
[SourceDate "2023.10.10"]
[SourceVersion "1"]
[SourceVersionDate "2023.10.10"]
[SourceQuality "1"]

1. e4 e5 2. Nf3 Nc6 3. Nc3 Bc5 4. Nxe5 Bxf2+ 5. Kxf2 Nxe5 6. d4 Ng6 7. Bc4 d6 8. Rf1 Nf6 9. Kg1 h6 10. Bd2 0-0 11. Qf3 Qe7 12. Rae1 Be6 13. Nd5 c6 14. Nxe7+ Nxe7 15. Bxe6 fxe6 16. Qb3 d5 17. exd5 Nexd5 18. Rxe6 Rab8 19. c4 Nb6 20. Bxh6 Nbd7 21. Bf4 Rbe8 22. Rxe8 Rxe8 23. c5+ Nd5 24. h3 N7f6 25. Qxb7 Re6 26. Qc8+ Kf7 27. Be5 Ne3 28. Rf3 Nc4 29. Bxf6 gxf6 30. Qd7+ Re7 31. Qxc6 Re6 32. Qd7+ Re7 33. Qd5+ 1-0